000 00833 a2200265 4500
001 114655
020 _a9781409586425
020 _q(Broch.)
041 _apor
082 _a900
100 _aUsborne Beginners History
250 _a. ed.
500 _aThis book is part of Box - Usborne Beginners History - Volume 6.
520 _aWhen was the Iron Age, and how did people make iron? This book lays out the answers and much more, using photographs, clear step-by-step illustrations and simple, straightforward text.
521 _aYear 3
697 _aIron age.
700 _aBone, Emily.
856 _u000026/0000267c.jpg
040 _aBR-BrIDEA
_cBR-BrIDEA
090 _aYear 3 900
_bUSB
245 1 0 _aThe iron age
_c Emily Bone
260 _aLondon
_bUsborne
_c2015
300 _a32 p.
_bill. color
942 _cBK
999 _c114655
_d114655